Appellations - Vins d'Alsace et de Lorraine - Statistiques

Statistiques générales
  • Ce quiz a été pris 292 fois
  • Le résultat moyen est 5 sur 11
Statistiques - réponses
Hint Réponse % Correct
Blanc Pinot gris
82%
Blanc Riesling
79%
Rouge & Rosé Pinot Noir
78%
Blanc Pinot blanc / Klevner
71%
Blanc Sylvaner
51%
Blanc & Rosé Crémant-d'alsace
40%
Blanc Muscat
39%
Blanc Gewurtztraminer
31%
Blanc Edelzwicker
20%
Blanc Chasselas / Gutedel
9%
Blanc Klevener-de-heiligenstein
2%
Aucun quiz correspondant
Distribution des résultats
% des personnes avec chaque résultat
Percentile par nombre de réponses
Votre historique - résultats
Vous n’avez pas pris ce quiz